So many journeys : (Record no. 41808)

MARC details
000 -LEADER
fixed length control field 00886nam a22002417a 4500
005 - DATE AND TIME OF LATEST TRANSACTION
control field 20100814095637.0
010 ## - LCCN (DPL NO)
LC control number ENG-100199
020 ## - INTERNATIONAL STANDARD BOOK NUMBER
Terms of availability 2000.00
International Standard Book Number 8190193600
035 ## - SYSTEM CONTROL NUMBER
System control number EN-83731
037 ## - SOURCE OF ACQUISITION
Source of stock number/acquisition DBAD/PUB
082 ## - DEWEY DECIMAL CLASSIFICATION NUMBER
Classification number 792.8028092
100 ## - MAIN ENTRY--PERSONAL NAME
Personal name Chandran, Geeta
245 ## - TITLE STATEMENT
Title So many journeys :
Remainder of title Geeta Chandran [and] Rajiv Chandran
Statement of responsibility, etc by Bharatanatyam Dance /
260 ## - PUBLICATION, DISTRIBUTION, ETC. (IMPRINT)
Place of publication, distribution, etc New Delhi
Name of publisher, distributor, etc Niyogi Offset
Date of publication, distribution, etc 2005
270 ## - ADDRESS
Address D-78, Okhla Industrial Area, Phase-I
City New Delhi
Postal code 110020
300 ## - PHYSICAL DESCRIPTION
Extent 219 p.
Dimensions 22cm (Hb)
490 ## - SERIES STATEMENT
Series statement The Adyar Library Genral eries Volume Four
-- 13782
650 ## - SUBJECT ADDED ENTRY--TOPICAL TERM
Topical term or geographic name as entry element Dance
650 ## - SUBJECT ADDED ENTRY--TOPICAL TERM
Topical term or geographic name as entry element Dancer
700 ## - ADDED ENTRY--PERSONAL NAME
9 (RLIN) 12834
Personal name Chandran, Rajiv
942 ## - ADDED ENTRY ELEMENTS (KOHA)
Source of classification or shelving scheme Dewey Decimal Classification
Item type English Books
Classification part 792.8028092
Call number suffix CHA
Holdings
Withdrawn status Lost status Not for loan Collection code Home library Current library Date acquired Cost, normal purchase price Full call number Barcode Copy number Cost, replacement price Koha item type
    Not For Loan Non-fiction D.B.Act.Division D.B.Act.Division 14/08/2010 2000.00 792.8028092 CHA EN-83731 1 2000.00 English Books

© Delhi Public Library
Hit Counter
free hit counter